000 00846nam a2200253 i 4500
001 bg
100 1 _aDOHNALIK, Paweł
245 1 0 _aEfektywna eksploatacja wodociągów :
_bograniczanie strat wody : to wcale nie trudne ... /
_cPaweł Dohnalik, Zbigniew Jędrzejewski ; [współpr. Jacek Godyń, Krystyna Wojtoń].
260 _aKraków :
_bLemtech Konsulting,
_c2004.
300 _a285 s. :
_bil. ;
_c25 cm.
504 _aBibliogr.
650 9 _aWodociągi
_xeksploatacja
700 1 _aJĘDRZEJEWSKI, Zbigniew
700 1 _aGODYŃ, Jacek
700 1 _aWOJTOŃ, Krystyna
020 _a8391524957
040 _cBPK
041 0 _apol
080 _a628.1
920 _a83-915249-5-7
942 _cKS
008 s pl f |000 0 pol
999 _c53245
_d53245
856 _uhttp://koha.tu.koszalin.pl/cgi-bin/koha/opac-detail.pl?biblionumber=53245
_yKatalog online BPK